| 000 | 00868nas a2200289 4500 | ||
|---|---|---|---|
| 001 | BR2015003679 | ||
| 003 | BR-BrBNA | ||
| 005 | 20231205125437.0 | ||
| 007 | ta | ||
| 008 | 230509b bl.|||p| |||| 00| 00por d | ||
| 040 |
_aBR-BrBNA _bpor _cBiblioteca Nacional de Agricultura |
||
| 041 | _a(En) | ||
| 072 | _aF30; F50 | ||
| 100 | 1 | _aRocha, F.H.A. | |
| 100 | 1 | _aLoges, V. | |
| 100 | 1 | _aCosta, A.S. da | |
| 100 | 1 | _aAragão, F.A.S. de | |
| 100 | 1 | _aSantos, V.F. | |
| 245 | 1 | _aGenetic study with Heliconia psittacorum and interspecific hybrids | |
| 650 | _aFLORICULTURA | ||
| 650 | _aHÍBRIDO | ||
| 650 | _aINFLORESCÊNCIA | ||
| 650 | _aGENÉTICA VEGETAL | ||
| 773 | 0 |
_tCrop Breeding and Applied Biotechnology (Brazil) _xISSN 1518-7853 _g(Dec 2010), v. 10(4) p. 282-288 _wBR2015003679 |
|
| 909 |
_a202311 _bLúcia _c55 _dLúcia Elande |
||
| 942 |
_2AGRIS _n0 _cANA |
||
| 999 |
_c244405 _d244405 |
||